<?xml version="1.0" encoding="UTF-8"?>
<record
    xmlns:xsi="http://www.w3.org/2001/XMLSchema-instance"
    xsi:schemaLocation="http://www.loc.gov/MARC21/slim http://www.loc.gov/standards/marcxml/schema/MARC21slim.xsd"
    xmlns="http://www.loc.gov/MARC21/slim">

  <leader>00484nam a22001337a 4500</leader>
  <controlfield tag="003">OSt</controlfield>
  <controlfield tag="005">20160325101203.0</controlfield>
  <controlfield tag="008">160325b        xxu||||| |||| 00| 0 eng d</controlfield>
  <datafield tag="040" ind1=" " ind2=" ">
    <subfield code="c">RUA</subfield>
  </datafield>
  <datafield tag="082" ind1=" " ind2=" ">
    <subfield code="a">AGR VON 2011 B472 Or.1</subfield>
  </datafield>
  <datafield tag="245" ind1=" " ind2=" ">
    <subfield code="a">Effect of organic mulching on yield of bunching onion, &#x17A5;&#x1791;&#x17D2;&#x1791;&#x17B7;&#x1796;&#x179B;&#x1793;&#x17C3;&#x1782;&#x1798;&#x17D2;&#x179A;&#x1794;&#x1792;&#x1798;&#x17D2;&#x1798;&#x1787;&#x17B6;&#x178F;&#x17B7;&#x179B;&#x17BE;&#x1791;&#x17B7;&#x1793;&#x17D2;&#x1793;&#x1795;&#x179B;&#x178A;&#x17C6;&#x178E;&#x17B6;&#x17C6;&#x1781;&#x17D2;&#x1791;&#x17B9;&#x1798;&#x179F;&#x17D2;&#x179B;&#x17B9;&#x1780;</subfield>
  </datafield>
  <datafield tag="300" ind1=" " ind2=" ">
    <subfield code="a">xiii,43p.</subfield>
    <subfield code="b">ill.</subfield>
    <subfield code="c">29cm.</subfield>
  </datafield>
  <datafield tag="942" ind1=" " ind2=" ">
    <subfield code="2">ddc</subfield>
    <subfield code="c">AGR</subfield>
  </datafield>
  <datafield tag="999" ind1=" " ind2=" ">
    <subfield code="c">7836</subfield>
    <subfield code="d">7836</subfield>
  </datafield>
  <datafield tag="952" ind1=" " ind2=" ">
    <subfield code="0">0</subfield>
    <subfield code="1">0</subfield>
    <subfield code="2">ddc</subfield>
    <subfield code="4">0</subfield>
    <subfield code="6">AGR_VON_2011_000000000000000_B472_OR_1</subfield>
    <subfield code="7">0</subfield>
    <subfield code="9">45467</subfield>
    <subfield code="a">LBB</subfield>
    <subfield code="b">LBB</subfield>
    <subfield code="c">B472</subfield>
    <subfield code="d">2016-03-25</subfield>
    <subfield code="l">5</subfield>
    <subfield code="m">2</subfield>
    <subfield code="o">AGR VON 2011 B472 Or.1</subfield>
    <subfield code="p">RUA058144</subfield>
    <subfield code="r">2021-01-19</subfield>
    <subfield code="s">2020-12-18</subfield>
    <subfield code="w">2016-03-25</subfield>
    <subfield code="y">AGR</subfield>
  </datafield>
</record>
